| 000 | 00454 a2200193 4500 | ||
|---|---|---|---|
| 001 | 133833 | ||
| 020 | _a85-254-0621-X | ||
| 040 | _cLeonardo Da Vinci | ||
| 041 |
_aPortuguês _aPortuguês |
||
| 082 |
_a869.93 G978c _bG978c |
||
| 100 | _aGUIMARÃES, Josué | ||
| 245 | _aCamilo Mortágua | ||
| 250 | _a10.ed | ||
| 260 |
_bLePM _c2006 _aPorto Alegre |
||
| 300 | _a448 | ||
| 362 | _a20060000 | ||
| 697 |
_aLiteratura _aRomance _aBrasil |
||
| 942 | _cBK | ||
| 999 |
_c133833 _d133833 |
||